Manual de prácticas de análisis de medicamentos /

Guía de técnicas de laboratorio para llevar a cabo diez prácticas relativas al análisis y control de calidad de medicamentos. Se ofrece como una herramienta para que el alumno adquiera criterios que le permitan tomar decisiones sobre las normas oficiales que rigen el control de medicamentos.

Guardado en:
Bibliografiske detaljer
Hovedforfatter: Vargas Alvarado, Yolanda (autor)
Andre forfattere: Poot López, Luis Fernando (autor) (autor)
Format: Bog
Sprog:spansk
Serier:(Libros de Texto, Manuales de Prácticas y Antologías)
Fag:
Tags: Tilføj Tag
Ingen Tags, Vær først til at tagge denne postø!

MARC

LEADER 00000nam^a2200000^a^4500
001 000099300
005 20250521000000.0
009 20260526121922.895
020 |a 970-654-136-5 
037 |a Acervo ITESO - Biblioteca 
041 |a ESP 
082 |a 615. 19  |b VAR 
100 |a Vargas Alvarado, Yolanda  |e (autor) 
245 1 0 |a Manual de prácticas de análisis de medicamentos /  |c Y. Vargas Alvarado, L.F. Poot López. 
264 |a México :  |b Universidad Autónoma Metropolitana Iztapalapa,  |c 1997 
300 |a 70 p. 
336 |a texto  |b txt  |2 rdacontenido 
337 |a sin mediación  |b n  |2 rdamedio 
338 |a volumen  |b nc  |2 rdasoporte 
440 1 |a (Libros de Texto, Manuales de Prácticas y Antologías) 
520 |a Guía de técnicas de laboratorio para llevar a cabo diez prácticas relativas al análisis y control de calidad de medicamentos. Se ofrece como una herramienta para que el alumno adquiera criterios que le permitan tomar decisiones sobre las normas oficiales que rigen el control de medicamentos. 
649 |a XX 
650 |a Materia Médica 
650 |a Química Farmacéutica 
650 |a Industria Farmacéutica 
650 |a Industria Química 
650 |a Farmacología 
700 |a Poot López, Luis Fernando  |e (autor) 
910 |a Fondo General 
920 |a Impresos - Libros 
930 |a Colección General 
905 |a 101 
901 |a 0500034180  |b IT1  |c ACC  |u 20250521 
902 |a https://opac.biblio.iteso.mx/vufind/Record/000099300